[Event "Prague Golden op"]
[Site "Prague"]
[Date "2022.07.17"]
[Round "9"]
[White "Veselsky, Jan"]
[Black "Bauer, Sebastian"]
[Result "1-0"]
[WhiteElo "1571"]
[BlackElo "2380"]
[PlyCount "73"]
[EventDate "2022.07.09"]
[EventType "swiss"]
[EventRounds "9"]
[EventCountry "CZE"]
[SourceTitle "CBM 209 Extra"]
[Source "ChessBase"]
[SourceDate "2022.09.30"]
[SourceVersion "1"]
[SourceVersionDate "2022.09.30"]
[SourceQuality "1"]

1. d4 d5 2. c4 c5 3. cxd5 Qxd5 4. Nf3 cxd4 5. Nc3 Qd8 6. Nxd4 e5 7. Ndb5 Qxd1+ 8. Nxd1 Bb4+ 9. Ndc3 Na6 10. e4 Nf6 11. f3 h6 12. Bc4 0-0 13. 0-0 Be6 14. Bxe6 fxe6 15. Be3 b6 16. Na4 Nh5 17. a3 Be7 18. Rac1 Bd8 19. Rfd1 Nf4 20. Rc6 Nb8 21. Rc8 a6 22. Rdxd8 Ng6 23. Rxf8+ Nxf8 24. Nxb6 Ra7 25. Nxa7 Nbd7 26. Nxd7 Kf7 27. Nxf8 g5 28. Nc6 a5 29. Nxe5+ Kf6 30. Ng4+ Ke7 31. Nxh6 g4 32. Nxg4 e5 33. Ng6+ Kd7 34. Rc5 a4 35. N4xe5+ Kd6 36. Rd5+ Kc7 37. h4 1-0

[Event "Prague Golden op"]
[Site "Prague"]
[Date "2022.07.14"]
[Round "6"]
[White "Fedorov, Viktor"]
[Black "Veselsky, Jan"]
[Result "0-1"]
[WhiteElo "2046"]
[BlackElo "1571"]
[PlyCount "114"]
[EventDate "2022.07.09"]
[EventType "swiss"]
[EventRounds "9"]
[EventCountry "CZE"]
[SourceTitle "CBM 209 Extra"]
[Source "ChessBase"]
[SourceDate "2022.09.30"]
[SourceVersion "1"]
[SourceVersionDate "2022.09.30"]
[SourceQuality "1"]

1. e4 c6 2. d4 d5 3. exd5 cxd5 4. Nc3 Nf6 5. Nf3 Bg4 6. h3 Bxf3 7. Qxf3 Nc6 8. Bb5 e6 9. Bg5 Be7 10. 0-0 0-0 11. Rfe1 Nxd4 12. Qd3 Nxb5 13. Nxb5 a6 14. Nd4 Rc8 15. c3 b5 16. Rac1 Qb6 17. a3 h6 18. Bh4 Rc7 19. Bg3 Rc4 20. b4 Ne4 21. Be5 f6 22. Bf4 e5 23. Be3 exd4 24. cxd4 Bd6 25. f3 Ng5 26. Rxc4 bxc4 27. Qc2 Bg3 28. Re2 Qd6 29. Kf1 Qd7 30. Bf2 Bc7 31. Ke1 Re8 32. Kd1 Re7 33. Kc1 Rxe2 34. Qxe2 Qe6 35. Qd2 Qf5 36. Be3 Ne6 37. Kb2 Bf4 38. Qc3 Nc7 39. Ka2 Bg5 40. Bc1 Nb5 41. Qb2 c3 42. Qb1 Qxb1+ 43. Kxb1 Bxc1 44. Kxc1 Nxd4 45. a4 Kf7 46. a5 Nb5 47. g4 d4 48. Kc2 Ke6 49. f4 Kd5 50. h4 Ke4 51. f5 d3+ 52. Kd1 Ke3 53. g5 c2+ 54. Kc1 Ke2 55. gxh6 gxh6 56. h5 d2+ 57. Kxc2 d1Q+ 0-1

[Event "Ceske Budejovice op-B"]
[Site "Ceske Budejovice"]
[Date "2022.07.08"]
[Round "8"]
[White "Abrar Mohammed, Almaazmi"]
[Black "Veselsky, Jan"]
[Result "1/2-1/2"]
[WhiteElo "1139"]
[BlackElo "1571"]
[PlyCount "80"]
[EventDate "2022.07.01"]
[EventType "swiss"]
[EventRounds "9"]
[EventCountry "CZE"]
[SourceTitle "EXT 2023"]
[Source "ChessBase"]
[SourceDate "2022.10.05"]
[SourceVersion "1"]
[SourceVersionDate "2022.10.05"]
[SourceQuality "1"]

1. e4 c6 2. d4 d5 3. Bd3 dxe4 4. Bxe4 Nf6 5. Bf3 Bf5 6. Ne2 e6 7. c4 Be7 8. Nbc3 0-0 9. 0-0 Qc7 10. Ng3 Bg6 11. d5 Rd8 12. Qb3 exd5 13. cxd5 cxd5 14. Nxd5 Nxd5 15. Bxd5 Nc6 16. Re1 Na5 17. Qf3 Bf6 18. Ne4 Bd4 19. Nc3 Bb6 20. Bf4 Qc8 21. Re7 Nc6 22. Bxc6 Qxc6 23. Qxc6 bxc6 24. Bc7 Rd2 25. Bxb6 axb6 26. Na4 b5 27. Nb6 Rad8 28. h3 h6 29. b3 R2d6 30. a4 bxa4 31. bxa4 c5 32. a5 Bd3 33. Rc7 c4 34. Nxc4 Ra6 35. Ne5 Rd5 36. Nxd3 Rxd3 37. Rc5 Kf8 38. Rb5 Rdd6 39. Re1 f6 40. f4 g6 1/2-1/2

[Event "Ceske Budejovice op-B"]
[Site "Ceske Budejovice"]
[Date "2022.07.07"]
[Round "7"]
[White "Veselsky, Jan"]
[Black "Sudrich, Radek1111"]
[Result "0-1"]
[WhiteElo "1571"]
[BlackElo "1192"]
[PlyCount "86"]
[EventDate "2022.07.01"]
[EventType "swiss"]
[EventRounds "9"]
[EventCountry "CZE"]
[SourceTitle "EXT 2023"]
[Source "ChessBase"]
[SourceDate "2022.10.05"]
[SourceVersion "1"]
[SourceVersionDate "2022.10.05"]
[SourceQuality "1"]

1. d4 d5 2. c4 e5 3. dxe5 d4 4. Nf3 Nc6 5. a3 Bg4 6. Nbd2 Nge7 7. g3 Bxf3 8. Nxf3 Ng6 9. Bg2 Rb8 10. Bg5 Qd7 11. e6 fxe6 12. 0-0 h6 13. Qc2 d3 14. exd3 hxg5 15. d4 Nge7 16. d5 exd5 17. Rfe1 d4 18. Rad1 g4 19. Ng5 Rh6 20. Be4 Qd6 21. Bd5 Ne5 22. Be4 Qf6 23. Qd2 Rh5 24. Qxd4 Rxg5 25. Bg6+ N5xg6 26. Qd7+ Kf7 27. Re3 Ne5 28. Qxc7 Nf3+ 29. Kg2 Rc8 30. Qxb7 Qc6 31. Qxa7 Nd4+ 32. Kg1 Nf3+ 33. Kg2 Nh4+ 34. Kf1 Qxc4+ 35. Red3 Rd5 36. Qe3 Rxd3 37. Qxd3 Qxd3+ 38. Rxd3 Rc1+ 39. Ke2 Rc2+ 40. Kd1 Rxb2 41. gxh4 Rxf2 42. Rg3 Rxh2 43. Rxg4 Ng6 0-1

[Event "Prague Golden op"]
[Site "Prague"]
[Date "2021.07.10"]
[Round "1"]
[White "Veselsky, Jan"]
[Black "Bara, Jan"]
[Result "0-1"]
[WhiteElo "1552"]
[BlackElo "1310"]
[PlyCount "102"]
[EventDate "2021.07.10"]
[EventType "swiss"]
[EventRounds "9"]
[EventCountry "CZE"]
[SourceTitle "CBM 203 Extra"]
[Source "ChessBase"]
[SourceDate "2021.09.30"]
[SourceVersion "1"]
[SourceVersionDate "2021.09.30"]
[SourceQuality "1"]

1. d4 Nf6 2. c4 g6 3. Nc3 Bg7 4. e4 d6 5. Nf3 Bg4 6. Be2 Nbd7 7. Be3 0-0 8. 0-0 c5 9. d5 Nb6 10. Qb3 a5 11. a4 e6 12. dxe6 Bxe6 13. Ng5 Bd7 14. Rad1 Qc7 15. Bf4 Nc8 16. Qc2 h6 17. Nf3 g5 18. Bxd6 Nxd6 19. e5 Bf5 20. Qc1 Nde4 21. exf6 Nxf6 22. Nb5 Qe7 23. Rfe1 Be4 24. Bd3 Rad8 25. Qe3 Rfe8 26. Nc3 Bxf3 27. Qxf3 Rxd3 28. Rxe7 Rxd1+ 29. Qxd1 Rxe7 30. g3 Rd7 31. Qf3 g4 32. Qf5 Rc7 33. Qd3 Rd7 34. Qf5 Rc7 35. Nd5 Nxd5 36. Qxd5 Bf8 37. Qd8 Rc6 38. Qd7 Rd6 39. Qxg4+ Rg6 40. Qe4 Rb6 41. Qc2 Bg7 42. b3 Bd4 43. Qd2 Rxb3 44. Qxa5 Rb2 45. Qd8+ Kg7 46. Qd6 Rxf2 47. Kh1 Rf6 48. Qd7 b6 49. Qg4+ Rg6 50. Qd7 h5 51. Qd5 h4 0-1

[Event "Marianske Lazne op 18th"]
[Site "Marianske Lazne"]
[Date "2019.01.19"]
[Round "1"]
[White "Veselsky, Jan"]
[Black "Kolbus, Dietmar"]
[Result "0-1"]
[WhiteElo "1618"]
[BlackElo "2294"]
[PlyCount "58"]
[EventDate "2019.01.19"]
[EventType "swiss"]
[EventRounds "9"]
[EventCountry "CZE"]
[SourceTitle "CBM 188 Extra"]
[Source "ChessBase"]
[SourceDate "2019.02.26"]
[SourceVersion "1"]
[SourceVersionDate "2019.02.26"]
[SourceQuality "1"]

1. c4 Nf6 2. Nc3 g6 3. Nf3 Bg7 4. g3 0-0 5. Bg2 d5 6. d4 dxc4 7. Ne5 Ne8 8. e3 Bxe5 9. dxe5 Qxd1+ 10. Kxd1 c6 11. Ke2 Ng7 12. Rd1 Nd7 13. f4 Nc5 14. Bd2 Bg4+ 15. Bf3 Bxf3+ 16. Kxf3 Rfd8 17. Be1 Nge6 18. g4 Nd3 19. Bh4 g5 20. f5 Nxe5+ 21. Kg2 gxh4 22. fxe6 Nxg4 23. exf7+ Kxf7 24. Rf1+ Ke8 25. Rf3 Rd2+ 26. Kg1 Rxb2 27. Raf1 Kd7 28. Rf7 Rg8 29. Kh1 Rxh2+ 0-1

[Event "Prague Summer op-B 5th"]
[Site "Prague"]
[Date "2018.08.04"]
[Round "2"]
[White "Sakovski, Roman"]
[Black "Veselsky, Jan"]
[Result "1-0"]
[WhiteElo "1894"]
[BlackElo "1654"]
[PlyCount "95"]
[EventDate "2018.08.03"]
[EventType "swiss"]
[EventRounds "9"]
[EventCountry "CZE"]
[SourceTitle "CBM 186 Extra"]
[Source "ChessBase"]
[SourceDate "2018.08.24"]
[SourceVersion "1"]
[SourceVersionDate "2018.08.24"]
[SourceQuality "1"]

1. d4 c5 2. Nf3 e6 3. e4 Nf6 4. Bg5 h6 5. Bh4 g5 6. e5 gxh4 7. exf6 Qxf6 8. Nc3 cxd4 9. Ne4 Qg7 10. Qxd4 Qxd4 11. Nxd4 Be7 12. Nb5 Na6 13. Nbd6+ Kf8 14. Bxa6 bxa6 15. 0-0-0 Rg8 16. Rhg1 f5 17. Nc5 Bxd6 18. Rxd6 Ke7 19. Rd4 d6 20. Nd3 Rg4 21. Rxg4 fxg4 22. Re1 Kf6 23. Re4 e5 24. f4 Kf5 25. Rb4 Be6 26. fxe5 dxe5 27. b3 Bd5 28. g3 hxg3 29. hxg3 Bf3 30. Ra4 h5 31. Rxa6 h4 32. gxh4 g3 33. Ne1 Bb7 34. Rh6 g2 35. Rh5+ Kg4 36. Rxe5 Kxh4 37. Nxg2+ Bxg2 38. c4 Kg4 39. a4 Rb8 40. Kb2 Kf4 41. Re7 a6 42. Re6 Bb7 43. Kc3 Kf5 44. Rb6 Ke5 45. b4 a5 46. bxa5 Ke4 47. a6 Ra8 48. axb7 1-0

[Event "Prague Golden op 14th"]
[Site "Prague"]
[Date "2018.07.03"]
[Round "4"]
[White "Veselsky, Jan"]
[Black "Koper, Stefan"]
[Result "0-1"]
[WhiteElo "1720"]
[BlackElo "1841"]
[PlyCount "82"]
[EventDate "2018.06.30"]
[EventType "swiss"]
[EventRounds "9"]
[EventCountry "CZE"]
[SourceTitle "CBM 185 Extra"]
[Source "ChessBase"]
[SourceDate "2018.07.29"]
[SourceVersion "1"]
[SourceVersionDate "2018.07.29"]
[SourceQuality "1"]

1. d4 b6 2. e4 Bb7 3. Bd3 e6 4. Nf3 d5 5. Qe2 Nf6 6. Bg5 Be7 7. exd5 Nxd5 8. Bxe7 Nxe7 9. 0-0 Ng6 10. Bb5+ c6 11. Ba4 0-0 12. c4 Nd7 13. Nc3 Nf6 14. Rad1 a6 15. Bb3 b5 16. Ne5 Qc7 17. Nxg6 hxg6 18. d5 bxc4 19. d6 Qa5 20. Qxc4 Nd5 21. Ne4 Rad8 22. Nc5 Qb6 23. Na4 Qa7 24. Nc3 Rxd6 25. Qh4 Rd7 26. Ne4 f6 27. Qh3 Re7 28. Rfe1 Qb8 29. Nc5 Bc8 30. Qg4 Qd6 31. Ne4 Qf4 32. Qxg6 e5 33. Nd6 Be6 34. Re4 Qh6 35. Qg3 g5 36. Ra4 Nf4 37. Bxe6+ Rxe6 38. Qb3 f5 39. Nc4 Kh8 40. Ne3 Ne2+ 41. Kh1 Qxh2+ 0-1

[Event "Liberec op 18th"]
[Site "Liberec"]
[Date "2018.02.27"]
[Round "4"]
[White "Czarniecka, Aleksandra"]
[Black "Veselsky, Jan"]
[Result "1-0"]
[WhiteElo "1964"]
[BlackElo "1657"]
[PlyCount "59"]
[EventDate "2018.02.24"]
[EventType "swiss"]
[EventRounds "9"]
[EventCountry "CZE"]
[SourceTitle "CBM 183 Extra"]
[Source "ChessBase"]
[SourceDate "2018.04.19"]
[SourceVersion "1"]
[SourceVersionDate "2018.04.19"]
[SourceQuality "1"]

1. e4 c6 2. d4 d5 3. Nc3 dxe4 4. Nxe4 Bf5 5. Ng3 Bg6 6. h4 h6 7. Nf3 Nd7 8. h5 Bh7 9. Bd3 Bxd3 10. Qxd3 e6 11. Bf4 Qa5+ 12. Bd2 Qc7 13. 0-0-0 Ngf6 14. Ne4 Nxe4 15. Qxe4 Nf6 16. Qe2 0-0-0 17. g3 Bd6 18. Kb1 Rhe8 19. Ne5 c5 20. c3 Nd5 21. c4 cxd4 22. cxd5 Bxe5 23. Rc1 exd5 24. Rxc7+ Bxc7 25. Qg4+ Rd7 26. Qxd4 Kb8 27. Be3 Bb6 28. Qf4+ Bc7 29. Qa4 Rxe3 30. Qxd7 1-0

[Event "Liberec op 18th"]
[Site "Liberec"]
[Date "2018.02.24"]
[Round "1"]
[White "Veselsky, Jan"]
[Black "Wiley, Tom E"]
[Result "0-1"]
[WhiteElo "1657"]
[BlackElo "2190"]
[PlyCount "78"]
[EventDate "2018.02.24"]
[EventType "swiss"]
[EventRounds "9"]
[EventCountry "CZE"]
[SourceTitle "CBM 183 Extra"]
[Source "ChessBase"]
[SourceDate "2018.04.19"]
[SourceVersion "1"]
[SourceVersionDate "2018.04.19"]
[SourceQuality "1"]

1. d4 Nf6 2. c4 e6 3. Nc3 Bb4 4. Nf3 c5 5. e3 Nc6 6. Bd3 Bxc3+ 7. bxc3 d6 8. 0-0 e5 9. Bc2 Qc7 10. Nd2 Bg4 11. f3 Bh5 12. Ne4 Nxe4 13. Bxe4 Bg6 14. Bd3 0-0-0 15. a4 f5 16. Ba3 b6 17. Rb1 f4 18. exf4 exf4 19. Be4 Na5 20. Qd3 Bxe4 21. fxe4 g5 22. Rf3 Rhf8 23. Rh3 Rf7 24. Rh6 Re8 25. Re1 Kb8 26. Bc1 cxd4 27. cxd4 Qxc4 28. Qd1 Nb7 29. Ba3 Re6 30. Rxe6 Qxe6 31. d5 Qf6 32. Qg4 Rc7 33. e5 dxe5 34. a5 Nc5 35. axb6 Qxb6 36. Kh1 Nd3 37. Rf1 Nf2+ 38. Rxf2 Qb1+ 39. Bc1 Rxc1+ 0-1

[Event "Prague Golden op 13th"]
[Site "Prague"]
[Date "2017.07.08"]
[Round "8"]
[White "Veselsky, Jan"]
[Black "Barton, Milan"]
[Result "1-0"]
[WhiteElo "1672"]
[BlackElo "1823"]
[PlyCount "107"]
[EventDate "2017.07.01"]
[EventType "swiss"]
[EventRounds "9"]
[EventCountry "CZE"]
[SourceTitle "CBM 179 Extra"]
[Source "ChessBase"]
[SourceDate "2017.08.23"]
[SourceVersion "1"]
[SourceVersionDate "2017.08.23"]
[SourceQuality "1"]

1. d4 d5 2. c4 e6 3. Nc3 Nf6 4. Bg5 Nbd7 5. e3 c6 6. Nf3 Bd6 7. a3 Qc7 8. Rc1 Qb8 9. Bd3 h6 10. Bh4 dxc4 11. Bxc4 Nd5 12. Ne4 Bc7 13. Bg3 0-0 14. 0-0 Bxg3 15. Nxg3 N7b6 16. Bd3 e5 17. Bb1 exd4 18. exd4 Nf6 19. Re1 Bg4 20. Nf5 Qf4 21. Ne7+ Kh8 22. Rc3 Nbd5 23. Nxd5 Nxd5 24. Qc2 g6 25. Rb3 Rae8 26. Qd1 b6 27. Rf1 Re7 28. h3 Bf5 29. Ne5 Rc7 30. Rf3 Qg5 31. Bxf5 gxf5 32. Qc2 f4 33. Re1 Kg7 34. Ng4 Re7 35. Rxe7 Nxe7 36. Qe4 Nd5 37. Ne5 f5 38. Qc2 Rc8 39. Qd2 Qe7 40. Nd3 Re8 41. Ne5 c5 42. Nc6 Qe4 43. dxc5 Qb1+ 44. Kh2 Re1 45. Qd4+ Kh7 46. Rxf4 Nxf4 47. Qxf4 Qe4 48. Qc7+ Kg6 49. cxb6 axb6 50. Nb4 Qe6 51. Nd3 Re4 52. Nf4+ Rxf4 53. Qxf4 Qb3 54. Qg3+ 1-0

[Event "Prague Golden op 13th"]
[Site "Prague"]
[Date "2017.07.03"]
[Round "3"]
[White "Frost, Peter"]
[Black "Veselsky, Jan"]
[Result "1-0"]
[WhiteElo "1934"]
[BlackElo "1672"]
[PlyCount "73"]
[EventDate "2017.07.01"]
[EventType "swiss"]
[EventRounds "9"]
[EventCountry "CZE"]
[SourceTitle "CBM 179 Extra"]
[Source "ChessBase"]
[SourceDate "2017.08.23"]
[SourceVersion "1"]
[SourceVersionDate "2017.08.23"]
[SourceQuality "1"]

1. c4 e6 2. d4 d5 3. Nc3 c5 4. cxd5 exd5 5. Nf3 Nf6 6. g3 Nc6 7. Bg2 Be7 8. 0-0 0-0 9. Bg5 cxd4 10. Nxd4 h6 11. Be3 Be6 12. Nxc6 bxc6 13. Na4 Re8 14. Rc1 Qc7 15. Qc2 Rac8 16. Rfd1 Ng4 17. Bf4 Bd6 18. Bxd6 Qxd6 19. Nc5 Nf6 20. e3 Nd7 21. Nxd7 Qxd7 22. Qa4 Qb7 23. b4 Bf5 24. Rc5 a6 25. Bf1 Ra8 26. a3 Bd7 27. Rdc1 Re4 28. Bd3 Re5 29. Qc2 g6 30. Bxg6 f5 31. Qc3 Qc7 32. f4 Re7 33. Bh5 Rg7 34. Bf3 Qd8 35. Kf2 Qe7 36. Rxd5 Kh7 37. Rxd7 1-0

[Event "Prague Holiday K11"]
[Site "Prague"]
[Date "2016.07.20"]
[Round "6"]
[White "Veselsky, Jan"]
[Black "Koubova, Anna Marie"]
[Result "1-0"]
[WhiteElo "1653"]
[BlackElo "1779"]
[PlyCount "97"]
[EventDate "2016.07.17"]
[EventType "tourn"]
[EventRounds "9"]
[EventCountry "CZE"]
[SourceTitle "EXT 2023"]
[Source "ChessBase"]
[SourceDate "2022.10.05"]
[SourceVersion "1"]
[SourceVersionDate "2022.10.05"]
[SourceQuality "1"]

1. c3 d5 2. d3 Nf6 3. Nf3 e6 4. Bg5 Be7 5. Nbd2 c5 6. e4 dxe4 7. dxe4 0-0 8. Bc4 a6 9. a4 b6 10. Qc2 Bb7 11. Rd1 Qc7 12. 0-0 Nc6 13. Bh4 Nh5 14. Bxe7 Qxe7 15. Be2 Nf4 16. Bc4 Rad8 17. Rfe1 Rd7 18. Bf1 Rfd8 19. g3 Nd3 20. Bxd3 Rxd3 21. Kg2 Qf6 22. Re3 c4 23. Rxd3 Rxd3 24. Ne1 Ne5 25. Nxd3 cxd3 26. Qc1 Bxe4+ 27. Nxe4 Qf3+ 28. Kg1 Qxe4 29. Qe3 Qxe3 30. fxe3 Kf8 31. Kg2 Ke7 32. b3 Kd6 33. Rd2 Kd5 34. Kf2 b5 35. axb5 axb5 36. h3 Kc5 37. e4 b4 38. c4 Kd4 39. c5 Kc3 40. Ke3 Kxb3 41. c6 Nxc6 42. Rxd3+ Kc4 43. Rd1 b3 44. Rc1+ Kb5 45. Kd2 Nb4 46. Rb1 Ka4 47. Kc3 Na2+ 48. Kc4 Nb4 49. Rxb3 1-0

[Event "Hradec Kralove op"]
[Site "Hradec Kralove"]
[Date "2014.10.21"]
[Round "4"]
[White "Berka, Lubos"]
[Black "Veselsky, Jan"]
[Result "0-1"]
[WhiteElo "1768"]
[BlackElo "1640"]
[PlyCount "52"]
[EventDate "2014.10.18"]
[EventType "swiss"]
[EventRounds "9"]
[EventCountry "CZE"]
[SourceTitle "EXT 2015"]
[Source "ChessBase"]
[SourceDate "2014.11.20"]
[SourceVersion "1"]
[SourceVersionDate "2014.11.20"]
[SourceQuality "1"]

1. e4 c6 2. d4 d5 3. Nc3 dxe4 4. Nxe4 Bf5 5. Ng3 Bg6 6. Nf3 Nd7 7. Nh4 e6 8. Nxg6 hxg6 9. Bf4 Ngf6 10. c3 Be7 11. Bd2 Qc7 12. Qc2 Bd6 13. Be2 Bxg3 14. fxg3 Rxh2 15. Kf2 Rxh1 16. Rxh1 0-0-0 17. b4 e5 18. dxe5 Nxe5 19. Rh4 Qd7 20. Rd4 Nd5 21. Qe4 Qf5+ 22. Qxf5+ gxf5 23. c4 Nf6 24. Rxd8+ Kxd8 25. Bg5 Ke7 26. a4 Ke6 0-1

[Event "Prague Summer op 1st"]
[Site "Prague"]
[Date "2014.08.13"]
[Round "6"]
[White "Veselsky, Jan"]
[Black "Kunc, Jan"]
[Result "1/2-1/2"]
[WhiteElo "1635"]
[BlackElo "1836"]
[PlyCount "48"]
[EventDate "2014.08.09"]
[EventType "swiss"]
[EventRounds "9"]
[EventCountry "CZE"]
[SourceTitle "CBM 162 Extra"]
[Source "ChessBase"]
[SourceDate "2014.10.17"]
[SourceVersion "1"]
[SourceVersionDate "2014.10.17"]
[SourceQuality "1"]

1. d4 Nf6 2. c4 g6 3. Nc3 Bg7 4. e4 d6 5. Nf3 0-0 6. Be2 e5 7. Be3 Nc6 8. h3 Nh5 9. d5 Ne7 10. Nd2 Nf4 11. 0-0 f5 12. f3 g5 13. Rc1 Neg6 14. c5 h5 15. cxd6 cxd6 16. Nb5 a6 17. Nc7 g4 18. fxg4 hxg4 19. exf5 gxh3 20. g4 Qh4 21. Bf2 h2+ 22. Kh1 Qh3 23. Bg3 Nh4 24. Bxh4 Qxh4 1/2-1/2

[Event "Ostrava Konik op"]
[Site "Ostrava"]
[Date "2014.04.29"]
[Round "4"]
[White "Veselsky, Jan"]
[Black "Tyn, Marek"]
[Result "1/2-1/2"]
[WhiteElo "1655"]
[BlackElo "1878"]
[PlyCount "49"]
[EventDate "2014.04.26"]
[EventType "swiss"]
[EventRounds "9"]
[EventCountry "CZE"]
[SourceTitle "CBM 160 Extra"]
[Source "ChessBase"]
[SourceDate "2014.07.01"]
[SourceVersion "1"]
[SourceVersionDate "2014.07.01"]
[SourceQuality "1"]

1. d4 Nf6 2. c4 e6 3. Nc3 b6 4. Nf3 Bb7 5. Bg5 Be7 6. e3 0-0 7. Bd3 d5 8. Rc1 Nbd7 9. 0-0 c5 10. cxd5 Nxd5 11. Bxe7 Qxe7 12. Bb1 cxd4 13. exd4 Nxc3 14. Rxc3 Rfc8 15. Qd3 Nf8 16. Rfc1 Rxc3 17. Rxc3 Rc8 18. Ne5 Qg5 19. f3 Rxc3 20. Qxc3 f6 21. Nc4 Qf4 22. Nd2 h5 23. Be4 Ba6 24. Nc4 b5 25. Ne3 1/2-1/2

[Event "Ostrava Konik op"]
[Site "Ostrava"]
[Date "2014.04.28"]
[Round "3"]
[White "Machura, Jaroslav"]
[Black "Veselsky, Jan"]
[Result "0-1"]
[WhiteElo "1000"]
[BlackElo "1655"]
[PlyCount "80"]
[EventDate "2014.04.26"]
[EventType "swiss"]
[EventRounds "9"]
[EventCountry "CZE"]
[SourceTitle "CBM 160 Extra"]
[Source "ChessBase"]
[SourceDate "2014.07.01"]
[SourceVersion "1"]
[SourceVersionDate "2014.07.01"]
[SourceQuality "1"]

1. e4 c6 2. Nf3 d5 3. exd5 cxd5 4. d4 Nf6 5. Nc3 Bg4 6. h3 Bxf3 7. Qxf3 e6 8. Bb5+ Nc6 9. Bg5 Be7 10. 0-0 0-0 11. Ne2 a6 12. Bd3 Nb4 13. g3 b5 14. Kg2 Qb6 15. h4 Rfc8 16. c3 Nxd3 17. Qxd3 Rc6 18. Nf4 Rc7 19. Rh1 a5 20. Nh3 b4 21. Bd2 g6 22. Ng5 h5 23. Nf3 Ne4 24. Ne5 Rac8 25. Rac1 bxc3 26. bxc3 Ba3 27. Rc2 Nd6 28. Nxg6 Nf5 29. Nf4 Nxd4 30. Nxh5 Nxc2 31. Qxc2 d4 32. Rb1 Qc6+ 33. f3 dxc3 34. Bh6 e5 35. Qf5 Be7 36. Rb7 Qg6 37. Qxg6+ fxg6 38. Rxc7 Rxc7 39. Ng7 c2 40. Ne6 Rc6 0-1

[Event "Brno op 4th"]
[Site "Brno"]
[Date "2013.11.21"]
[Round "7"]
[White "Richterova, Julie"]
[Black "Veselsky, Jan"]
[Result "0-1"]
[WhiteElo "1439"]
[BlackElo "1695"]
[PlyCount "92"]
[EventDate "2013.11.16"]
[EventType "swiss"]
[EventRounds "9"]
[EventCountry "CZE"]
[SourceTitle "CBM 157 Extra"]
[Source "ChessBase"]
[SourceDate "2013.12.19"]
[SourceVersion "1"]
[SourceVersionDate "2013.12.19"]
[SourceQuality "1"]

1. e4 c6 2. d4 d5 3. exd5 cxd5 4. Bd3 Nc6 5. c3 Nf6 6. Bg5 Bg4 7. Ne2 e6 8. 0-0 Be7 9. Nd2 0-0 10. Rc1 a6 11. Qc2 Bxe2 12. Bxe2 Rc8 13. Qb1 b5 14. a3 Qb6 15. Nf3 Rfd8 16. Ne5 Na5 17. Bd3 h6 18. Bh4 Nc4 19. Bxc4 bxc4 20. Qa2 Rb8 21. Rb1 Rb7 22. Rfe1 Rdb8 23. h3 Qc7 24. Bg3 Bd6 25. f3 Rb3 26. Re2 Nh5 27. Bf2 Nf4 28. Rd2 Bxe5 29. dxe5 Nd3 30. Bd4 Qb7 31. Re2 Nf4 32. Rd2 Nd3 33. Re2 Nxb2 34. Rc1 Nd3 35. Rcc2 Nf4 36. Red2 Ng6 37. Re2 Ne7 38. Bc5 Nc6 39. f4 a5 40. g3 Na7 41. a4 Nc6 42. Kg2 Ne7 43. Bd4 Nf5 44. Bc5 Rc8 45. Bf2 d4+ 46. Kg1 d3 0-1